000 00315nam a2200133 a 4500
005 20140414131943.0
008 110127s19uu xx 00 eng d
050 _aTR 372.7
_bM42 2007
245 _aMath, Kindergarten.
440 _aJunior Academic Series
999 _c112638
_d112638